<?xml version="1.0" encoding="UTF-8"?>
<record
    xmlns:xsi="http://www.w3.org/2001/XMLSchema-instance"
    xsi:schemaLocation="http://www.loc.gov/MARC21/slim http://www.loc.gov/standards/marcxml/schema/MARC21slim.xsd"
    xmlns="http://www.loc.gov/MARC21/slim">

  <leader>01152nam a22001937a 4500</leader>
  <controlfield tag="005">20110214111917.0</controlfield>
  <datafield tag="020" ind1=" " ind2=" ">
    <subfield code="a">9788123759241</subfield>
    <subfield code="c">25.00</subfield>
  </datafield>
  <datafield tag="037" ind1=" " ind2=" ">
    <subfield code="b">&#x928;&#x947;&#x936;&#x928;&#x932; &#x92C;&#x941;&#x915; &#x91F;&#x94D;&#x930;&#x938;&#x94D;&#x91F;</subfield>
  </datafield>
  <datafield tag="082" ind1=" " ind2=" ">
    <subfield code="a">821</subfield>
  </datafield>
  <datafield tag="100" ind1=" " ind2=" ">
    <subfield code="a">&#x92E;&#x940;&#x928;&#x93E;&#x915;&#x94D;&#x937;&#x940; &#x938;&#x94D;&#x935;&#x93E;&#x92E;&#x940;</subfield>
    <subfield code="9">26063</subfield>
  </datafield>
  <datafield tag="245" ind1=" " ind2=" ">
    <subfield code="a">&#x915;&#x94D;&#x92F;&#x94B;&#x902; ? /</subfield>
    <subfield code="c">&#x92E;&#x940;&#x928;&#x93E;&#x915;&#x94D;&#x937;&#x940; &#x938;&#x94D;&#x935;&#x93E;&#x92E;&#x940;;  &#x92A;&#x93E;&#x930;&#x94D;&#x925;&#x938;&#x947;&#x928; &#x917;&#x941;&#x92A;&#x94D;&#x924;&#x93E; &#x926;&#x94D;&#x935;&#x93E;&#x930;&#x93E; &#x91A;&#x93F;&#x924;&#x94D;&#x930;&#x93E;&#x902;&#x915;&#x93F;&#x924;</subfield>
  </datafield>
  <datafield tag="260" ind1=" " ind2=" ">
    <subfield code="a">&#x928;&#x908; &#x926;&#x93F;&#x932;&#x94D;&#x932;&#x940;</subfield>
    <subfield code="b">&#x928;&#x947;&#x936;&#x928;&#x932; &#x92C;&#x941;&#x915; &#x91F;&#x94D;&#x930;&#x938;&#x94D;&#x91F;, &#x907;&#x902;&#x921;&#x93F;&#x92F;&#x93E;</subfield>
    <subfield code="c">2010</subfield>
  </datafield>
  <datafield tag="270" ind1=" " ind2=" ">
    <subfield code="a">&#x928;&#x947;&#x939;&#x930;&#x942; &#x92D;&#x935;&#x928;, 5 &#x907;&#x902;&#x938;&#x94D;&#x91F;&#x940;&#x91F;&#x92F;&#x942;&#x936;&#x928;&#x932; &#x90F;&#x930;&#x93F;&#x92F;&#x93E;, &#x92B;&#x947;&#x91C;-11 &#x935;&#x938;&#x902;&#x924; &#x915;&#x941;&#x902;&#x91C;</subfield>
    <subfield code="b">&#x928;&#x908; &#x926;&#x93F;&#x932;&#x94D;&#x932;&#x940;</subfield>
    <subfield code="e">110070</subfield>
  </datafield>
  <datafield tag="300" ind1=" " ind2=" ">
    <subfield code="a">&#x905;.&#x92A;&#x943;.</subfield>
    <subfield code="b">&#x938;&#x91A;&#x93F;&#x924;&#x94D;&#x930;</subfield>
    <subfield code="c">18&#x938;&#x947;&#x92E;&#x940;(&#x905;&#x91C;&#x93F;&#x932;&#x94D;&#x926;)</subfield>
  </datafield>
  <datafield tag="490" ind1=" " ind2=" ">
    <subfield code="a">&#x928;&#x947;&#x939;&#x930;&#x942; &#x92C;&#x93E;&#x932; &#x92A;&#x941;&#x938;&#x94D;&#x924;&#x915;&#x932;&#x92F;</subfield>
    <subfield code="9">26064</subfield>
  </datafield>
  <datafield tag="700" ind1=" " ind2=" ">
    <subfield code="a">&#x917;&#x941;&#x92A;&#x94D;&#x924;&#x93E;, &#x92A;&#x93E;&#x930;&#x94D;&#x925;&#x938;&#x947;&#x928;</subfield>
    <subfield code="9">25915</subfield>
  </datafield>
  <datafield tag="942" ind1=" " ind2=" ">
    <subfield code="2">ddc</subfield>
    <subfield code="c">CH</subfield>
    <subfield code="h">821</subfield>
    <subfield code="m">&#x92E;&#x940;&#x928;&#x93E;&#x915;&#x94D;&#x937;&#x940;</subfield>
  </datafield>
  <datafield tag="999" ind1=" " ind2=" ">
    <subfield code="c">50512</subfield>
    <subfield code="d">50512</subfield>
  </datafield>
  <datafield tag="952" ind1=" " ind2=" ">
    <subfield code="0">0</subfield>
    <subfield code="1">0</subfield>
    <subfield code="4">0</subfield>
    <subfield code="7">0</subfield>
    <subfield code="a">AG</subfield>
    <subfield code="b">AG</subfield>
    <subfield code="d">2011-02-14</subfield>
    <subfield code="g">25.00</subfield>
    <subfield code="l">0</subfield>
    <subfield code="o">&#x915; &#x92E;&#x940;&#x928;&#x93E;&#x915;&#x94D;&#x937;&#x940;</subfield>
    <subfield code="r">2011-02-14 00:00:00</subfield>
    <subfield code="v">25.00</subfield>
    <subfield code="w">2011-02-14</subfield>
    <subfield code="y">CH</subfield>
  </datafield>
</record>
